Sioux / Valerie Bodden.
"A history of the people and events that influenced the North American Indian tribe known as the Sioux or Dakota, including warrior Crazy Horse and conflicts such as the U.S.-Dakota War"-- Provided by publisher.
Record details
- ISBN: 9781608185559
- ISBN: 1608185559
- Physical Description: 48 pages : color illustrations, map ; 28 cm.
- Publisher: Mankato, MN : Creative Education, ©2015
Content descriptions
| Bibliography, etc. Note: | Includes bibliographical references (page 47) and index. |
| Formatted Contents Note: | From woodlands to the plains -- Being Sioux: One bison, 200 uses -- Being Sioux: Pipes and prayers -- Home on the Plains -- Being Sioux: Brave as a kit fox -- Being Sioux: Man vs. eagle -- Early encounters -- Being Sioux: Teaching white ways -- Being Sioux: Giving it all away -- New way of life -- Being Sioux: Wounded Knee, again -- Being Sioux: At the movies -- Traditional Story: The Spider Cries Wolf. |
Search for related items by subject
| Subject: | Dakota Indians > History > Juvenile literature. Dakota Indians > Social life and customs > Juvenile literature. |
Search for related items by series
Available copies
- 1 of 1 copy available at scottsboropl.
Holds
- 0 current holds with 1 total copy.
Show Only Available Copies
| Location | Call Number / Copy Notes | Barcode | Shelving Location | Status | Due Date |
|---|---|---|---|---|---|
| scottsboropl | J 978.004 Bod | 32269000981426 | Juvenile - NonFiction | Available | - |
| LDR | 01932nam a2200373 i 4500 | ||
|---|---|---|---|
| 001 | 141434 | ||
| 003 | CONS | ||
| 005 | 20160518143437.0 | ||
| 008 | 141021s2015 mnuab j b 001 0 eng | ||
| 010 | . | ‡a 2014041751 | |
| 020 | . | ‡a9781608185559 ‡q(hardback) | |
| 020 | . | ‡a1608185559 ‡q(hardback) | |
| 035 | . | ‡a(CPomAG)LMN594852 | |
| 042 | . | ‡apcc | |
| 043 | . | ‡anp----- | |
| 050 | 0 | 0. | ‡aE99.D1 ‡bB715 2015 |
| 082 | 0 | 0. | ‡a978.004/975243 ‡223 |
| 100 | 1 | . | ‡aBodden, Valerie. |
| 245 | 1 | 0. | ‡aSioux / ‡cValerie Bodden. |
| 246 | 3 | . | ‡aPeoples of North America : ‡bSioux |
| 264 | 1. | ‡aMankato, MN : ‡bCreative Education, ‡c©2015 | |
| 300 | . | ‡a48 pages : ‡bcolor illustrations, map ; ‡c28 cm. | |
| 336 | . | ‡atext ‡btxt ‡2rdacontent | |
| 337 | . | ‡aunmediated ‡bn ‡2rdamedia | |
| 338 | . | ‡avolume ‡bnc ‡2rdacarrier | |
| 504 | . | ‡aIncludes bibliographical references (page 47) and index. | |
| 505 | 0 | . | ‡aFrom woodlands to the plains -- Being Sioux: One bison, 200 uses -- Being Sioux: Pipes and prayers -- Home on the Plains -- Being Sioux: Brave as a kit fox -- Being Sioux: Man vs. eagle -- Early encounters -- Being Sioux: Teaching white ways -- Being Sioux: Giving it all away -- New way of life -- Being Sioux: Wounded Knee, again -- Being Sioux: At the movies -- Traditional Story: The Spider Cries Wolf. |
| 520 | . | ‡a"A history of the people and events that influenced the North American Indian tribe known as the Sioux or Dakota, including warrior Crazy Horse and conflicts such as the U.S.-Dakota War"-- ‡cProvided by publisher. | |
| 650 | 0. | ‡aDakota Indians ‡xHistory ‡vJuvenile literature. | |
| 650 | 0. | ‡aDakota Indians ‡xSocial life and customs ‡vJuvenile literature. | |
| 830 | 0. | ‡aPeoples of North America (Creative Education, Inc. (Mankato, Minn.)) | |
| 914 | . | ‡aSCP_jd | |
| 959 | . | ‡i32269000981426 ‡lJ978.004 Bod ‡aJuvenile - NonFiction ‡tJuv Nonfiction ‡g40.00 | |
| 852 | . | ‡p32269000981426 ‡jJ978.004 Bod ‡gJuvenile - NonFiction ‡cJuv Nonfiction ‡y40.00 ‡bSBPL | |
| 901 | . | ‡a141434 ‡bUnknown ‡c141434 ‡tbiblio | |